[Event "Florianopolis op 9th"]
[Site "Florianopolis"]
[Date "2023.01.28"]
[Round "9"]
[White "Benitez, Andres"]
[Black "Monteiro, Daniel Zotelli"]
[Result "1/2-1/2"]
[WhiteElo "1980"]
[BlackElo "1642"]
[PlyCount "92"]
[EventDate "2023.01.23"]
[EventType "swiss"]
[EventRounds "10"]
[EventCountry "BRA"]
[SourceTitle "CBM 212 Extra"]
[Source "ChessBase"]
[SourceDate "2023.03.31"]
[SourceVersion "1"]
[SourceVersionDate "2023.03.31"]
[SourceQuality "1"]

1. e4 e5 2. Nf3 Nc6 3. Bb5 a6 4. Ba4 Nf6 5. 0-0 b5 6. Bb3 Be7 7. Re1 d6 8. c3 0-0 9. h3 Re8 10. d4 h6 11. Nbd2 Bf8 12. Nf1 Na5 13. Bc2 Bb7 14. Ng3 g6 15. a4 Nc6 16. Bb3 Na5 17. Bc2 Nc6 18. d5 Nb8 19. b3 Nbd7 20. Be3 c6 21. c4 bxc4 22. bxc4 c5 23. Qd2 Kh7 24. a5 Qe7 25. Ba4 Reb8 26. Rab1 Qd8 27. Rb2 Qc7 28. Reb1 Bc8 29. Qc3 Be7 30. Bd2 Rxb2 31. Rxb2 Rb8 32. Ne1 Rxb2 33. Qxb2 Qb8 34. Qc1 Ng8 35. Qc2 Bf6 36. Nd3 h5 37. Ne2 Bg7 38. Ne1 f6 39. g4 hxg4 40. hxg4 Nf8 41. f3 g5 42. Kf2 Kg6 43. Ng2 Kf7 44. Qb3 Qxb3 45. Bxb3 Bd7 46. Nc3 Ke8 1/2-1/2

[Event "Catas Altas op 3rd"]
[Site "Catas Altas"]
[Date "2022.07.10"]
[Round "5"]
[White "Monteiro, Daniel Zotelli"]
[Black "Crespo de Oliveira, Lucas"]
[Result "1/2-1/2"]
[WhiteElo "1642"]
[BlackElo "2197"]
[PlyCount "133"]
[EventDate "2022.06.28"]
[EventType "swiss"]
[EventRounds "7"]
[EventCountry "BRA"]
[SourceTitle "EXT 2023"]
[Source "ChessBase"]
[SourceDate "2022.10.05"]
[SourceVersion "1"]
[SourceVersionDate "2022.10.05"]
[SourceQuality "1"]

1. e4 c5 2. Nf3 d6 3. d4 cxd4 4. Nxd4 Nf6 5. Nc3 Nc6 6. Bg5 Qb6 7. Nb3 e6 8. Be2 Be7 9. Be3 Qc7 10. Qd2 a6 11. 0-0 b5 12. a3 Ne5 13. Qd4 Rb8 14. Qa7 Qxa7 15. Bxa7 Rb7 16. Bd4 Nc4 17. Rab1 e5 18. Be3 Nxe3 19. fxe3 Be6 20. Na5 Rc7 21. Bf3 0-0 22. Rfd1 Rfc8 23. Rd2 Rb8 24. Nd5 Bxd5 25. exd5 e4 26. Bd1 Rc5 27. Nc6 Re8 28. Nb4 a5 29. Na6 Rxd5 30. Rxd5 Nxd5 31. Kf2 Bg5 32. Be2 Bxe3+ 33. Ke1 b4 34. Rd1 bxa3 35. bxa3 Nf4 36. g3 Nxe2 37. Kxe2 Bc5 38. Nxc5 dxc5 39. Rd5 Rc8 40. Ke3 g6 41. Kxe4 Kg7 42. Kd3 a4 43. Kc4 Re8 44. Rd2 Re3 45. c3 g5 46. Rc2 Re5 47. Kb5 f5 48. Kxa4 Kf6 49. Kb5 f4 50. gxf4 gxf4 51. a4 Kf5 52. a5 c4+ 53. Kxc4 Rxa5 54. Kd4 Kg4 55. Ke4 f3 56. Ke3 Re5+ 57. Kf2 Kf4 58. c4 Rh5 59. Kg1 Rg5+ 60. Kf1 Rc5 61. Kf2 Rg5 62. Kf1 Ke4 63. c5 Kd3 64. Rf2 Ke3 65. Rc2 Kd3 66. Rf2 Ke3 67. Rc2 1/2-1/2

[Event "Catas Altas op 3rd"]
[Site "Catas Altas"]
[Date "2022.07.10"]
[Round "7"]
[White "Monteiro, Daniel Zotelli"]
[Black "Gomes, Luiz Alexandre"]
[Result "0-1"]
[WhiteElo "1642"]
[BlackElo "2335"]
[PlyCount "75"]
[EventDate "2022.06.28"]
[EventType "swiss"]
[EventRounds "7"]
[EventCountry "BRA"]
[SourceTitle "EXT 2023"]
[Source "ChessBase"]
[SourceDate "2022.10.05"]
[SourceVersion "1"]
[SourceVersionDate "2022.10.05"]
[SourceQuality "1"]

1. e4 c5 2. Nf3 d6 3. d4 cxd4 4. Nxd4 Nf6 5. Nc3 a6 6. Bg5 e6 7. Qd2 Be7 8. Be2 Qc7 9. 0-0 Nbd7 10. f4 b5 11. Bf3 Bb7 12. Rfe1 Nb6 13. e5 dxe5 14. fxe5 Nfd5 15. Nxd5 Nxd5 16. Bxd5 Bxd5 17. Bxe7 Qxe7 18. c3 0-0 19. a3 Rfd8 20. Qf4 Rac8 21. Qg3 Qb7 22. Re2 a5 23. Rf2 b4 24. axb4 axb4 25. Rc1 Be4 26. Rcf1 Rd7 27. Rf4 bxc3 28. bxc3 Qd5 29. Qe3 Bg6 30. Ne2 h6 31. Rd4 Qc5 32. Rf3 Rdc7 33. h4 Qa5 34. Kh2 Rc5 35. Kg1 R5c7 36. g4 Rc5 37. h5 Rxe5 38. Qd2 0-1

[Event "Florianopolis op 8th"]
[Site "Florianopolis"]
[Date "2022.01.27"]
[Round "5"]
[White "Souza, Atahander"]
[Black "Monteiro, Daniel Zotelli"]
[Result "1-0"]
[WhiteElo "1867"]
[BlackElo "1614"]
[PlyCount "99"]
[EventDate "2022.01.24"]
[EventType "swiss"]
[EventRounds "10"]
[EventCountry "BRA"]
[SourceTitle "CBM 206 Extra"]
[Source "ChessBase"]
[SourceDate "2022.03.31"]
[SourceVersion "1"]
[SourceVersionDate "2022.03.31"]
[SourceQuality "1"]

1. b3 d5 2. e3 Nf6 3. Nc3 e5 4. Bb2 c6 5. Nf3 Bd6 6. Be2 Be6 7. d4 e4 8. Ng5 Bd7 9. h4 h6 10. Nh3 g5 11. Qd2 g4 12. Nf4 Bxf4 13. exf4 Qe7 14. Qe3 Bf5 15. a4 Nbd7 16. g3 0-0-0 17. Ba3 Qe6 18. a5 Kb8 19. 0-0 Ne8 20. b4 Nc7 21. b5 cxb5 22. Nxb5 Nxb5 23. Bxb5 Rc8 24. Rfc1 Rc7 25. Rab1 Rhc8 26. c3 a6 27. Be2 Ka8 28. Rb3 Qc6 29. Rcb1 Be6 30. Qd2 f5 31. Qb2 h5 32. Kf1 Bf7 33. Ke1 Rb8 34. Kd2 Rbc8 35. Qa2 Nf6 36. Ke3 Qa4 37. Qb2 Qxb3 38. Qxb3 Rxc3+ 39. Kd2 Rxb3 40. Rxb3 Rc6 41. Be7 Ne8 42. Rc3 Rxc3 43. Kxc3 Nc7 44. Kb4 Ne6 45. Bc5 Kb8 46. Bd1 Be8 47. Bb6 Bc6 48. Bb3 Kc8 49. Bc5 Kd7 50. Bb6 1-0

[Event "Florianopolis op 8th"]
[Site "Florianopolis"]
[Date "2022.01.24"]
[Round "1"]
[White "Francisco Guecamburu, Candela Be"]
[Black "Monteiro, Daniel Zotelli"]
[Result "1-0"]
[WhiteElo "2146"]
[BlackElo "1614"]
[PlyCount "123"]
[EventDate "2022.01.24"]
[EventType "swiss"]
[EventRounds "10"]
[EventCountry "BRA"]
[SourceTitle "CBM 206 Extra"]
[Source "ChessBase"]
[SourceDate "2022.03.31"]
[SourceVersion "1"]
[SourceVersionDate "2022.03.31"]
[SourceQuality "1"]

1. e4 e5 2. Nf3 Nc6 3. Bb5 a6 4. Ba4 Nf6 5. d3 b5 6. Bb3 h6 7. h3 d6 8. c3 Be7 9. 0-0 0-0 10. Re1 Be6 11. Bc2 Nh7 12. d4 Bc8 13. Nh2 Bg5 14. Be3 Bxe3 15. Rxe3 exd4 16. cxd4 Qf6 17. e5 dxe5 18. Qd3 Ng5 19. h4 e4 20. Qc3 Nh7 21. Bxe4 Bd7 22. Qd3 g6 23. Nf3 Rad8 24. Nc3 Qg7 25. d5 Ne7 26. Nd4 Nf6 27. Bf3 Nf5 28. Nxf5 Bxf5 29. Qd4 Rd6 30. Qc5 Rc8 31. a4 bxa4 32. Rxa4 Nd7 33. Qa7 Rb6 34. Rxa6 Rxb2 35. Rc6 Ne5 36. Rxc7 Nxf3+ 37. Rxf3 Rxc7 38. Qxc7 Bg4 39. Qd8+ Qf8 40. Qxf8+ Kxf8 41. Re3 Rd2 42. Kh2 Bf5 43. Kg3 Rd3 44. Rxd3 Bxd3 45. Kf4 Ke7 46. Ke5 f6+ 47. Kd4 Bf1 48. g3 Kd6 49. Ne4+ Ke7 50. Kc5 f5 51. d6+ Ke6 52. Nd2 Ba6 53. Kc6 g5 54. hxg5 hxg5 55. d7 Bb5+ 56. Kxb5 Kxd7 57. Kc5 Ke6 58. f4 Kf6 59. Kd6 Kf7 60. Ke5 Kg6 61. Nf3 gxf4 62. gxf4 1-0

[Event "Sao Paulo op-C U1700 8th"]
[Site "Sao Paulo"]
[Date "2019.10.19"]
[Round "4"]
[White "Grum, Amanda Soares"]
[Black "Monteiro, Daniel Zotelli"]
[Result "0-1"]
[WhiteElo "1426"]
[BlackElo "1608"]
[PlyCount "94"]
[EventDate "2019.10.17"]
[EventType "swiss"]
[EventRounds "6"]
[EventCountry "BRA"]
[SourceTitle "CBM 192 Extra"]
[Source "Chessbase"]
[SourceDate "2019.11.06"]
[SourceVersion "1"]
[SourceVersionDate "2019.11.06"]
[SourceQuality "1"]

1. e4 e5 2. Bc4 Nc6 3. Nc3 Bc5 4. d3 h6 5. f4 Bxg1 6. Rxg1 Qh4+ 7. Kf1 d6 8. Nd5 Kd8 9. Be3 Nge7 10. Nxe7 Kxe7 11. h3 exf4 12. Bf2 Qf6 13. Qh5 g6 14. Qh4 Qxh4 15. Bxh4+ g5 16. Bf2 Na5 17. Bb3 Nxb3 18. axb3 a6 19. Ra5 b6 20. Ra3 Bb7 21. Ke2 Kd7 22. Bd4 Rhg8 23. Rf1 f5 24. Kf3 b5 25. Ra5 Rae8 26. Re1 Re6 27. Kf2 Rge8 28. c4 c5 29. Bc3 b4 30. Bd2 fxe4 31. dxe4 Rxe4 32. Rd1 Kc7 33. g3 Kb6 34. Raa1 Re2+ 35. Kg1 Rg2+ 36. Kf1 Rh2 37. Be1 Kc7 38. Rd3 Rhe2 39. Rad1 Bg2+ 40. Kg1 Rxe1+ 41. Rxe1 Rxe1+ 42. Kxg2 Re2+ 43. Kf3 Re5 44. h4 Kd7 45. h5 Ke6 46. Rd1 Re3+ 47. Kf2 Rxb3 0-1

[Event "Sao Paulo op-C U1700 8th"]
[Site "Sao Paulo"]
[Date "2019.10.18"]
[Round "2"]
[White "Santana, Expedito"]
[Black "Monteiro, Daniel Zotelli"]
[Result "1/2-1/2"]
[WhiteElo "1475"]
[BlackElo "1608"]
[PlyCount "156"]
[EventDate "2019.10.17"]
[EventType "swiss"]
[EventRounds "6"]
[EventCountry "BRA"]
[SourceTitle "CBM 192 Extra"]
[Source "Chessbase"]
[SourceDate "2019.11.06"]
[SourceVersion "1"]
[SourceVersionDate "2019.11.06"]
[SourceQuality "1"]

1. Nf3 d5 2. d4 Bg4 3. Bf4 Nf6 4. h3 Bf5 5. e3 Nc6 6. Bd3 Bd7 7. c3 e6 8. Nbd2 Bd6 9. Bg5 h6 10. Bh4 g5 11. Bg3 Bxg3 12. fxg3 Nh5 13. Nf1 Qe7 14. N3d2 Ng7 15. Nf3 e5 16. dxe5 Nxe5 17. Nxe5 Qxe5 18. Qf3 0-0-0 19. 0-0-0 f5 20. Nd2 Rhf8 21. Rhf1 a5 22. Rde1 b5 23. Nb3 a4 24. Nd4 c5 25. Nxb5 g4 26. Qf4 Qxf4 27. Rxf4 c4 28. Bxc4 dxc4 29. Rxc4+ Kb7 30. Nd4 Rc8 31. Rb4+ Ka6 32. Rd1 Rc7 33. Nc2 Bc6 34. Rd6 Ka7 35. Rxh6 gxh3 36. gxh3 Ne8 37. Nd4 Bd7 38. Ne6 Bxe6 39. Rxe6 Rg7 40. Rxa4+ Kb7 41. g4 Nc7 42. Re5 fxg4 43. hxg4 Rf2 44. Rf5 Re2 45. Re4 Rd7 46. Rd4 Re7 47. e4 Rh7 48. Rh5 Rg7 49. g5 Rf7 50. Rb4+ Kc8 51. Rh8+ Kd7 52. Rd4+ Ke7 53. Rd2 Rxe4 54. g6 Rf1+ 55. Kc2 Rg1 56. Rh7+ Kf6 57. Rxc7 Kxg6 58. Rd6+ Kf5 59. Rc5+ Kf4 60. Rd4 Rxd4 61. cxd4 Ke4 62. Kc3 Rg3+ 63. Kc4 Rg2 64. Re5+ Kf4 65. Rb5 Ke4 66. a4 Rc2+ 67. Kb3 Rd2 68. d5 Ke5 69. a5 Rh2 70. a6 Rh6 71. Ra5 Rh8 72. a7 Ra8 73. Kc4 Kd6 74. b4 Kc7 75. b5 Kb7 76. b6 Rc8+ 77. Kb5 Ka8 78. Ka6 Rc6 1/2-1/2

[Event "Caioba Telecom op"]
[Site "Caioba"]
[Date "2018.08.01"]
[Round "2"]
[White "Monteiro, Daniel Zotelli"]
[Black "Boabaid, Jorge Alberto Duard"]
[Result "1/2-1/2"]
[WhiteElo "1467"]
[BlackElo "1819"]
[PlyCount "132"]
[EventDate "2018.08.01"]
[EventType "swiss"]
[EventRounds "9"]
[EventCountry "BRA"]
[SourceTitle "CBM 186 Extra"]
[Source "ChessBase"]
[SourceDate "2018.08.24"]
[SourceVersion "1"]
[SourceVersionDate "2018.08.24"]
[SourceQuality "1"]

1. e4 e5 2. Nf3 Nc6 3. Bc4 Bc5 4. d3 Nf6 5. Bg5 h6 6. Bh4 d6 7. h3 Na5 8. Bd5 c6 9. Bb3 Nxb3 10. axb3 Qe7 11. Nbd2 d5 12. exd5 cxd5 13. c3 0-0 14. 0-0 Bb6 15. Re1 Bc7 16. Nxe5 Bxe5 17. d4 g5 18. dxe5 Ne4 19. Nxe4 dxe4 20. Bg3 Bf5 21. Qd6 Qe6 22. Qxe6 fxe6 23. Red1 Rf7 24. Rd6 h5 25. h4 g4 26. Bf4 g3 27. Bxg3 Bg4 28. Ra4 Bf5 29. Bf4 a6 30. Rad4 Raf8 31. Rd7 Rxd7 32. Rxd7 Rf7 33. Rxf7 Kxf7 34. b4 Bg4 35. Kf1 Bd1 36. Ke1 Bb3 37. Kd2 Kg6 38. Ke3 Kf5 39. g3 Bd5 40. b5 axb5 41. Kd4 Kg4 42. Kc5 Bc6 43. b3 Kf5 44. c4 bxc4 45. bxc4 Ba4 46. Kd6 Bb3 47. c5 Bd5 48. Ke7 Kg6 49. Be3 Bc4 50. Kd6 Kf5 51. Bf4 Bd5 52. Kc7 Kg4 53. Kd6 Kf5 54. Ke7 Kg6 55. Bg5 Bc4 56. Bf4 Bd5 57. Kd6 Kf5 58. Kc7 Bc6 59. Kb6 Bd5 60. Kb5 Kg4 61. Kb4 Kf3 62. Be3 Kg4 63. Kc3 Kf5 64. Kd4 Bc6 65. Bf4 Bd5 66. Ke3 Bc6 1/2-1/2

[Event "Brazil Foz do Iguacu op"]
[Site "Foz do Iguacu"]
[Date "2018.05.19"]
[Round "7"]
[White "Cabral Mesquita, Jussier"]
[Black "Monteiro, Daniel Zotelli"]
[Result "0-1"]
[WhiteElo "1754"]
[BlackElo "1374"]
[PlyCount "112"]
[EventDate "2018.05.16"]
[EventType "swiss"]
[EventRounds "9"]
[EventCountry "BRA"]
[SourceTitle "CBM 184 Extra"]
[Source "ChessBase"]
[SourceDate "2018.06.28"]
[SourceVersion "1"]
[SourceVersionDate "2018.06.28"]
[SourceQuality "1"]

1. d4 d5 2. Nf3 e6 3. Bf4 Bd6 4. Bg5 f6 5. Bh4 h5 6. Bg3 Nc6 7. c3 b6 8. e3 Bb7 9. Bd3 Nge7 10. Nh4 f5 11. f4 Qd7 12. Nf3 0-0-0 13. Qe2 Kb8 14. b4 a5 15. a3 Ng6 16. h4 Qc8 17. Nbd2 Ka7 18. Bb5 Nge7 19. Nb3 Qa8 20. 0-0 Kb8 21. bxa5 Nxa5 22. Nxa5 Qxa5 23. Qb2 Ba6 24. a4 c6 25. Bxa6 Qxa6 26. Ng5 Rhg8 27. Nxe6 Rde8 28. Nc5 Bxc5 29. dxc5 Kc7 30. cxb6+ Qxb6 31. Qd2 Nc8 32. Bf2 Re4 33. Rfb1 Qa5 34. Rb4 Rge8 35. Rab1 Nd6 36. Qd1 g6 37. Qb3 Rxb4 38. cxb4 Qa8 39. b5 cxb5 40. axb5 Ne4 41. Qb2 Re7 42. Rc1+ Kb7 43. Qc2 Kb6 44. Qc6+ Qxc6 45. Rxc6+ Kxb5 46. Rxg6 Kc4 47. Rc6+ Kd3 48. Ra6 Rc7 49. Ra3+ Ke2 50. Ra2+ Kd3 51. g3 Nc3 52. Rb2 Ke4 53. Kg2 Nd1 54. Rd2 Nxe3+ 55. Bxe3 Kxe3 56. Rxd5 Rc2+ 0-1